Cẩm nang bảo vệ và tăng cường sức khỏe phụ nữ

में बचाया:
ग्रंथसूची विवरण
मुख्य लेखक: Hoa, Hạ Tăng
स्वरूप: पुस्तक
भाषा:Undetermined
प्रकाशित: Hà Nội Phụ Nữ 2000
विषय:
टैग : टैग जोड़ें
कोई टैग नहीं, इस रिकॉर्ड को टैग करने वाले पहले व्यक्ति बनें!
Thư viện lưu trữ: Trung tâm Học liệu Trường Đại học Cần Thơ
LEADER 00626nam a2200205Ia 4500
001 CTU_47372
008 210402s9999 xx 000 0 und d
020 |c 88000 
082 |a 613.0424 
082 |b T116 
100 |a Hoa, Hạ Tăng 
245 0 |a Cẩm nang bảo vệ và tăng cường sức khỏe phụ nữ 
245 0 |c Hoa Hạ Tăng; Người dịch: Thanh Hà, Hoàng Hương 
260 |a Hà Nội 
260 |b Phụ Nữ 
260 |c 2000 
650 |a Women 
650 |x health and hygiene 
904 |i Huỳnh Mai 
980 |a Trung tâm Học liệu Trường Đại học Cần Thơ